[Event "Hessenliga 1617"]
[Site "Hessen"]
[Date "2017.03.05"]
[Round "7.4"]
[White "Neumann, Martin"]
[Black "Meffert, Matthias"]
[Result "1-0"]
[WhiteElo "2039"]
[BlackElo "2076"]
[PlyCount "65"]
[EventDate "2016.09.18"]
[EventType "team-tourn"]
[EventRounds "9"]
[EventCountry "GER"]
[SourceTitle "EXT 2018"]
[Source "ChessBase"]
[SourceDate "2017.10.13"]
[SourceVersion "1"]
[SourceVersionDate "2017.10.13"]
[SourceQuality "1"]
[WhiteTeam "Gernsheim"]
[BlackTeam "Niederbrechen"]
[WhiteTeamCountry "GER"]
[BlackTeamCountry "GER"]

1. d4 Nf6 2. Bg5 Ne4 3. Bf4 d5 4. f3 Nf6 5. e4 dxe4 6. Nc3 exf3 7. Nxf3 Bg4 8. Qd3 c6 9. 0-0-0 e6 10. h3 Bf5 11. Qe3 Bd6 12. g4 Bg6 13. Kb1 Bxf4 14. Qxf4 Nbd7 15. h4 Nd5 16. Nxd5 cxd5 17. Bb5 a6 18. Bxd7+ Qxd7 19. Ne5 Qe7 20. Rhf1 Rc8 21. Rd2 0-0 22. h5 Be4 23. h6 g6 24. Nd7 Rfd8 25. Qe5 f5 26. Nf6+ Kf7 27. Nxh7 Rg8 28. g5 Rc6 29. Nf6 Rgc8 30. Nxe4 dxe4 31. Rh2 Qf8 32. Qf6+ Ke8 33. h7 1-0

[Event "Hessenliga 1617"]
[Site "Hessen"]
[Date "2016.12.11"]
[Round "4.5"]
[White "Neumann, Martin"]
[Black "Emmerich, Dirk"]
[Result "1/2-1/2"]
[WhiteElo "2039"]
[BlackElo "2167"]
[PlyCount "107"]
[EventDate "2016.09.18"]
[EventType "team-tourn"]
[EventRounds "9"]
[EventCountry "GER"]
[SourceTitle "EXT 2018"]
[Source "ChessBase"]
[SourceDate "2017.10.13"]
[SourceVersion "1"]
[SourceVersionDate "2017.10.13"]
[SourceQuality "1"]
[WhiteTeam "Gernsheim"]
[BlackTeam "Dotzheim"]
[WhiteTeamCountry "GER"]
[BlackTeamCountry "GER"]

1. d4 g6 2. e4 Bg7 3. f4 d5 4. e5 Nh6 5. Nf3 0-0 6. Be3 f6 7. Qd2 Bg4 8. Be2 fxe5 9. fxe5 Bxf3 10. Bxf3 Nf5 11. Nc3 Nxe3 12. Qxe3 e6 13. 0-0-0 Nc6 14. h4 h6 15. Kb1 Ne7 16. g4 Qe8 17. Be2 a6 18. Bd3 c5 19. dxc5 Nc6 20. Ne2 Nxe5 21. Nf4 Nxg4 22. Qxe6+ Qxe6 23. Nxe6 Nf2 24. Nxf8 Bxf8 25. Bxg6 Nxh1 26. Rxh1 Bxc5 27. c3 Kg7 28. h5 Rd8 29. Rf1 Rd7 30. Kc2 b5 31. Rf5 Ba7 32. Be8 Re7 33. Rxd5 Rxe8 34. Rd7+ Kf6 35. Rxa7 Re6 36. Rd7 Re5 37. Rd6+ Kg5 38. Rxa6 Kxh5 39. b4 Kg5 40. c4 h5 41. cxb5 Rxb5 42. Kc3 h4 43. Rd6 h3 44. a4 Rb8 45. Rd1 Ra8 46. Kb3 h2 47. Rh1 Rh8 48. b5 Kf5 49. Kc4 Ke6 50. Kc5 Kd7 51. Kb6 Kc8 52. Ka7 Rh7+ 53. Ka8 Rh5 54. Rc1+ 1/2-1/2

[Event "Hessenliga 1516"]
[Site "Germany"]
[Date "2016.03.06"]
[Round "8.8"]
[White "Theuer, Carsten"]
[Black "Neumann, Martin"]
[Result "0-1"]
[WhiteElo "2027"]
[BlackElo "2021"]
[PlyCount "46"]
[EventDate "2015.09.27"]
[EventType "team-tourn"]
[EventRounds "9"]
[EventCountry "GER"]
[SourceTitle "EXT 2018"]
[Source "ChessBase"]
[SourceDate "2017.10.13"]
[SourceVersion "1"]
[SourceVersionDate "2017.10.13"]
[SourceQuality "1"]
[WhiteTeam "Offenbach"]
[BlackTeam "Gernsheim"]
[WhiteTeamCountry "GER"]
[BlackTeamCountry "GER"]

1. e4 e5 2. Nf3 Nc6 3. Bc4 Bc5 4. d3 d6 5. h3 Nf6 6. Bg5 h6 7. Bh4 Be6 8. Bxe6 fxe6 9. c3 g5 10. Bg3 Qe7 11. Nbd2 0-0-0 12. b4 Bb6 13. Nc4 h5 14. a4 h4 15. Bh2 g4 16. Ng1 Bxf2+ 17. Kxf2 g3+ 18. Bxg3 hxg3+ 19. Ke1 d5 20. exd5 exd5 21. Na5 Nxa5 22. bxa5 Qc5 23. Qd2 Ne4 0-1

[Event "Karl Mala Memorial op-A 16th"]
[Site "Frankfurt"]
[Date "2013.07.11"]
[Round "1"]
[White "Milov, Leonid"]
[Black "Neumann, Martin"]
[Result "1-0"]
[WhiteElo "2540"]
[BlackElo "1948"]
[PlyCount "131"]
[EventDate "2013.07.11"]
[EventType "swiss"]
[EventRounds "7"]
[EventCountry "GER"]
[SourceTitle "EXT 2014"]
[Source "ChessBase"]
[SourceDate "2013.11.20"]
[SourceVersion "1"]
[SourceVersionDate "2013.11.20"]
[SourceQuality "1"]

1. e4 e5 2. Nf3 Nc6 3. Bb5 a6 4. Ba4 b5 5. Bb3 d6 6. a4 Bd7 7. 0-0 Be7 8. d4 Nf6 9. c3 0-0 10. Re1 h6 11. h3 Re8 12. Nbd2 Bf8 13. Bc2 Na5 14. b4 Nb7 15. Bb2 exd4 16. cxd4 c6 17. Bc3 Qc7 18. Qb1 Be6 19. Qb2 Nd7 20. a5 Rac8 21. Rac1 Qd8 22. Bb1 Nf6 23. Rcd1 c5 24. d5 Bd7 25. Nb3 cxb4 26. Bxb4 Rc4 27. Nbd2 Rc7 28. Qd4 Qc8 29. Kh2 Nc5 30. Rc1 Na4 31. Nb3 Rc4 32. Rxc4 Qxc4 33. Re3 Rc8 34. Qd2 Re8 35. Nbd4 Rc8 36. Re1 Qc7 37. Bd3 Nc5 38. Bb1 Na4 39. Bc2 Nc5 40. Re3 Qb7 41. Nh4 Re8 42. Qe2 Qc7 43. Nhf3 Rc8 44. Qe1 Qd8 45. Qa1 Nb7 46. Qa2 Rc4 47. Bd2 Qc8 48. Bb3 Rc7 49. Bb4 Nc5 50. Bc2 Nb7 51. Re2 Rc4 52. Qa3 Rc7 53. Bb1 Rc4 54. Ba2 Rc1 55. Nc6 Rxc6 56. dxc6 Bxc6 57. e5 Ne4 58. Nd4 Nec5 59. e6 fxe6 60. Nxe6 Kh8 61. Qg3 Ne4 62. Rxe4 Bxe4 63. Qf4 Bxg2 64. Kxg2 Be7 65. Qf7 Bf6 66. Nf8 1-0

[Event "Karl Mala Memorial op 10th"]
[Site "Griesheim"]
[Date "2006.07.21"]
[Round "2"]
[White "Neumann, Martin"]
[Black "Holzhey, Beate"]
[Result "1-0"]
[WhiteElo "1886"]
[BlackElo "1500"]
[PlyCount "85"]
[EventDate "2006.07.20"]
[EventType "swiss"]
[EventRounds "7"]
[EventCountry "GER"]
[SourceTitle "CBM 113 Extra"]
[Source "ChessBase"]
[SourceDate "2006.09.14"]
[SourceVersion "1"]
[SourceVersionDate "2006.09.14"]
[SourceQuality "1"]

1. d4 d5 2. c4 c6 3. Nc3 Nf6 4. Bg5 Nbd7 5. Nf3 dxc4 6. e4 b5 7. e5 Nd5 8. Be2 Nxc3 9. bxc3 Nb6 10. Qc2 Bg4 11. h3 Bh5 12. 0-0 Qd7 13. Bd2 Bg6 14. Qc1 Bf5 15. Nh2 h5 16. Qd1 g6 17. f3 Be6 18. f4 0-0-0 19. Nf3 Bg7 20. Ng5 Rdf8 21. Ne4 Bd5 22. Nc5 Qd8 23. a4 Qc7 24. Qc2 Nd7 25. Na6 Qb6 26. axb5 cxb5 27. Rfb1 Bb7 28. Nb4 Kc7 29. Bf3 Bxf3 30. gxf3 e6 31. Ra6 Qb7 32. Rc6+ Kd8 33. Ra1 Nb6 34. Qe4 Kd7 35. Rd6+ Kc7 36. Na6+ Kc8 37. Rc6+ Kd8 38. Nc5 Qb8 39. Ra6 Ke7 40. Bc1 Rc8 41. Ba3 Ke8 42. Rxc8+ Nxc8 43. Qc6+ 1-0

[Event "Karl Mala Memorial op 09th"]
[Site "Frankfurt"]
[Date "2005.07.31"]
[Round "7"]
[White "Neumann, Martin"]
[Black "Nikfar, Surag"]
[Result "1/2-1/2"]
[WhiteElo "1602"]
[BlackElo "2121"]
[PlyCount "21"]
[EventDate "2005.07.28"]
[EventType "swiss"]
[EventRounds "7"]
[EventCountry "GER"]
[SourceTitle "EXT 2006"]
[Source "ChessBase"]
[SourceDate "2005.11.24"]
[SourceVersion "1"]
[SourceVersionDate "2005.11.24"]
[SourceQuality "1"]

1. d4 c5 2. dxc5 Qa5+ 3. Bd2 Qxc5 4. Nf3 Nf6 5. Nc3 Nc6 6. e3 d6 7. Bb5 Bd7 8. Qe2 a6 9. Ba4 e6 10. 0-0 Be7 11. Bb3 1/2-1/2

[Event "Gernsheim U20 op 3rd"]
[Site "Gernsheim"]
[Date "2005.05.??"]
[Round "5"]
[White "Neumann, Martin"]
[Black "Schlegel, Dennis"]
[Result "1-0"]
[WhiteElo "1687"]
[BlackElo "1490"]
[PlyCount "57"]
[EventDate "2005.05.??"]
[EventType "swiss"]
[EventRounds "7"]
[EventCountry "GER"]
[SourceTitle "EXT 2007"]
[Source "ChessBase"]
[SourceDate "2006.11.23"]
[SourceVersion "1"]
[SourceVersionDate "2006.11.23"]
[SourceQuality "1"]

1. e4 e5 2. Bc4 Nf6 3. d3 Bc5 4. Bg5 d6 5. Nc3 Bxf2+ 6. Kf1 0-0 7. Kxf2 Ng4+ 8. Qxg4 Bxg4 9. Bxd8 Rxd8 10. h3 Bh5 11. Nd5 Rd7 12. Nf3 Nc6 13. Bb5 Rf8 14. Bxc6 bxc6 15. Ne3 f6 16. g4 Bg6 17. Nh4 Bf7 18. Ke2 d5 19. b3 Rfd8 20. Rad1 g6 21. Rhf1 Kg7 22. Rf2 a5 23. a4 d4 24. Neg2 Be6 25. Rdf1 Rf7 26. g5 fxg5 27. Rxf7+ Bxf7 28. Nf3 Kf6 29. Nxe5+ 1-0

[Event "Hessen-ch U16"]
[Site "Bad Homburg"]
[Date "2005.??.??"]
[Round "5"]
[White "Knickel, Aaron"]
[Black "Neumann, Martin"]
[Result "1-0"]
[WhiteElo "1983"]
[BlackElo "1707"]
[PlyCount "100"]
[EventDate "2005.04.??"]
[EventType "swiss"]
[EventRounds "8"]
[EventCountry "GER"]
[SourceTitle "EXT 2007"]
[Source "ChessBase"]
[SourceDate "2006.11.23"]
[SourceVersion "1"]
[SourceVersionDate "2006.11.23"]
[SourceQuality "1"]

1. e4 e5 2. Nf3 Nc6 3. Bb5 Bc5 4. 0-0 d6 5. h3 a6 6. Ba4 b5 7. Bb3 Nf6 8. Re1 0-0 9. c3 Bb6 10. a4 Bd7 11. d4 Re8 12. Qd3 Na5 13. Bc2 c5 14. Bg5 Rc8 15. dxe5 dxe5 16. Rd1 Bc6 17. Qe2 Qc7 18. Nh4 Nc4 19. Bxf6 Re6 20. Bg5 Nxb2 21. Bb3 Nxd1 22. Bxe6 fxe6 23. Qxd1 Bxe4 24. axb5 axb5 25. Qb3 Qd7 26. Nd2 c4 27. Qd1 Bd3 28. Qe1 Qd5 29. Be3 Bd8 30. Nhf3 e4 31. Nd4 e5 32. Ne2 Rb8 33. Ng3 Be7 34. Ra7 Bf8 35. f3 exf3 36. Nxf3 e4 37. Nd2 b4 38. cxb4 Bxb4 39. Qc1 c3 40. Nb1 c2 41. Na3 Qd6 42. Nxc2 Bxc2 43. Rxg7+ Kf8 44. Qxc2 Qe5 45. Rg5 Qa1+ 46. Kh2 Bd6 47. Bc5 Rd8 48. Bxd6+ Rxd6 49. Nxe4 Rd1 50. Qc8+ Kf7 1-0

[Event "Hessen-ch U16"]
[Site "Bad Homburg"]
[Date "2005.??.??"]
[Round "4"]
[White "Neumann, Martin"]
[Black "Weber, Max1"]
[Result "0-1"]
[WhiteElo "1707"]
[BlackElo "2027"]
[PlyCount "44"]
[EventDate "2005.04.??"]
[EventType "swiss"]
[EventRounds "8"]
[EventCountry "GER"]
[SourceTitle "EXT 2007"]
[Source "ChessBase"]
[SourceDate "2006.11.23"]
[SourceVersion "1"]
[SourceVersionDate "2006.11.23"]
[SourceQuality "1"]

1. d4 f5 2. Nf3 g6 3. Nbd2 Nf6 4. b3 Bg7 5. Bb2 0-0 6. c4 d6 7. Qc2 a5 8. h4 Qe8 9. a4 Nc6 10. 0-0-0 Ng4 11. Re1 Nxf2 12. Rg1 h6 13. e4 Nb4 14. Qb1 fxe4 15. Nh2 Nfd3+ 16. Bxd3 Nxd3+ 17. Kd1 Nxe1 18. Qxe4 Nc2 19. Qxc2 Bf5 20. Ne4 e5 21. g4 Bxe4 22. Qxe4 exd4 0-1

[Event "Karl Mala Memorial op 08th"]
[Site "Frankfurt"]
[Date "2004.07.25"]
[Round "6"]
[White "Neumann, Martin"]
[Black "Will, Jens Robert"]
[Result "1/2-1/2"]
[WhiteElo "1550"]
[BlackElo "1805"]
[PlyCount "105"]
[EventDate "2004.07.22"]
[EventType "swiss"]
[EventRounds "7"]
[EventCountry "GER"]
[SourceTitle "EXT 2005"]
[Source "ChessBase"]
[SourceDate "2004.11.15"]
[SourceVersion "1"]
[SourceVersionDate "2004.11.15"]
[SourceQuality "1"]

1. d4 g6 2. c4 Nf6 3. Nc3 Bg7 4. Nf3 d6 5. Bg5 0-0 6. e3 Nbd7 7. Be2 c6 8. 0-0 h6 9. Bh4 Nh7 10. b4 f5 11. Qc2 g5 12. Bg3 e5 13. dxe5 dxe5 14. h3 Qe7 15. Rab1 f4 16. Bh2 Nhf6 17. exf4 exf4 18. Rfe1 Ne5 19. Nxe5 Qxe5 20. Bf3 Bf5 21. Be4 Nxe4 22. Nxe4 Qc7 23. Rbd1 Rad8 24. c5 Rxd1 25. Qxd1 Bxe4 26. Rxe4 Rd8 27. Qb3+ Qf7 28. Qb1 Qd5 29. Re1 Qd3 30. Qc1 Bc3 31. Rf1 Bxb4 32. Qb2 Qc3 33. Qe2 Kf7 34. Qe4 Re8 35. Qh7+ Qg7 36. Qf5+ Qf6 37. Qd3 Re1 38. Qc4+ Kf8 39. Qxb4 Rxf1+ 40. Kxf1 Qa1+ 41. Qe1 Qxa2 42. Kg1 Qc2 43. Kh1 Qxc5 44. f3 a5 45. Qe6 b5 46. Bg1 Qd5 47. Qxh6+ Ke7 48. Qg7+ Kd6 49. Qf6+ Kd7 50. Qg7+ Ke6 51. Qg6+ Ke7 52. Qg7+ Ke6 53. Qg6+ 1/2-1/2

[Event "Karl Mala Memorial op 08th"]
[Site "Frankfurt"]
[Date "2004.07.22"]
[Round "1"]
[White "Schwichtenberg, Juergen"]
[Black "Neumann, Martin"]
[Result "1/2-1/2"]
[WhiteElo "1685"]
[BlackElo "1550"]
[PlyCount "39"]
[EventDate "2004.07.22"]
[EventType "swiss"]
[EventRounds "7"]
[EventCountry "GER"]
[SourceTitle "EXT 2005"]
[Source "ChessBase"]
[SourceDate "2004.11.15"]
[SourceVersion "1"]
[SourceVersionDate "2004.11.15"]
[SourceQuality "1"]

1. b4 e6 2. Bb2 Nf6 3. b5 c6 4. a4 d5 5. e3 Bd7 6. c4 a6 7. Nc3 Be7 8. Nf3 0-0 9. Be2 dxc4 10. Bxc4 Qb6 11. Ne5 axb5 12. Nxd7 Nbxd7 13. axb5 Ne5 14. Be2 Rxa1 15. Bxa1 Rd8 16. Qb1 cxb5 17. Nxb5 Nc6 18. Bxf6 Bxf6 19. d4 Qa5+ 20. Kf1 1/2-1/2

[Event "Guben op"]
[Site "Guben"]
[Date "2003.??.??"]
[Round "2"]
[White "Kaiser, Wolfgang"]
[Black "Neumann, Martin"]
[Result "1-0"]
[WhiteElo "2330"]
[BlackElo "1886"]
[PlyCount "75"]
[EventDate "2003.??.??"]
[EventType "swiss"]
[EventRounds "7"]
[EventCountry "GER"]
[SourceTitle "EXT 2008"]
[Source "ChessBase"]
[SourceDate "2007.11.25"]
[SourceVersion "1"]
[SourceVersionDate "2007.11.25"]
[SourceQuality "1"]

1. e4 e5 2. Nf3 Nc6 3. Bc4 Be7 4. a3 Nf6 5. Nc3 0-0 6. d3 d6 7. h3 Bd7 8. Nd5 Qc8 9. Nxe7+ Nxe7 10. Bg5 Ng6 11. Bxf6 gxf6 12. Qd2 Kg7 13. g4 Be6 14. 0-0-0 c6 15. Ng1 b5 16. Bxe6 Qxe6 17. Ne2 a5 18. Qc3 c5 19. f3 Rfc8 20. Kd2 c4 21. d4 b4 22. axb4 axb4 23. Qxb4 exd4 24. Nxd4 Qe5 25. Ne2 Rab8 26. Qc3 Rxb2 27. Ra1 d5 28. Ra5 Rd8 29. Qxe5 fxe5 30. Rxd5 Rxd5+ 31. exd5 Rb5 32. Nc3 Ra5 33. d6 Ra7 34. Ke3 Kf6 35. Rd1 Nf8 36. Ke4 Ke6 37. Nb5 Ra5 38. Rd5 1-0

[Event "GER-chT U16"]
[Site "Burg Stargard"]
[Date "2002.12.28"]
[Round "3.3"]
[White "Balz, Christian"]
[Black "Neumann, Martin"]
[Result "1-0"]
[WhiteElo "1299"]
[BlackElo "1328"]
[PlyCount "81"]
[EventDate "2002.12.27"]
[EventType "team-tourn"]
[EventRounds "7"]
[EventCountry "GER"]
[SourceTitle "CBM 092 Extra"]
[Source "ChessBase"]
[SourceDate "2003.03.07"]
[SourceVersion "1"]
[SourceVersionDate "2003.03.07"]
[SourceQuality "1"]

1. e4 e5 2. Nf3 Nc6 3. d4 exd4 4. Bc4 Nf6 5. 0-0 Bc5 6. c3 dxc3 7. e5 c2 8. Qxc2 d5 9. exf6 dxc4 10. Re1+ Be6 11. fxg7 Rg8 12. Ng5 Qd3 13. Nxe6 fxe6 14. Qxd3 cxd3 15. Be3 Bxe3 16. Rxe3 Nd4 17. Na3 Rd8 18. Rd1 d2 19. Kf1 Ke7 20. Rd3 Nf5 21. Rxd8 Rxd8 22. Rxd2 Nxg7 23. Rxd8 Kxd8 24. Ke2 a6 25. Kd3 Kd7 26. Nc2 c5 27. Ne3 h5 28. Ke4 b5 29. f3 Kd6 30. g4 hxg4 31. fxg4 c4 32. h4 a5 33. h5 a4 34. h6 Ne8 35. g5 b4 36. h7 a3 37. bxa3 b3 38. axb3 cxb3 39. h8Q Kc5 40. Qxe8 b2 41. Qb8 1-0